Renaissance Composers - Statistics

General Stats
  • This quiz has been taken 5 times
  • The average score is 5 of 8
Answer Stats
Picture Answer % Correct
Thomas Tallis
100%
Giovanni da Palestrina
75%
John Dowland
50%
Josqin Desprez
50%
Orlando Di Lasso
50%
Orlando Gibbons
50%
William Byrd
50%
Johannes Ockenghem
25%
No matching quizzes found
Score Distribution
Percent of People with Each Score
Percentile by Number Answered
Your Score History
You have not taken this quiz